1967 1114 1892 1391 1819 1611 1848 1659 1531 1498 1545 1417 1611 1050 1002 1151 1220 1229 1840 1740 1414 1072 1187 1256 1506 1151 1510 1251 1231 1167 1238 1203 1586 1571 1052 1083 1663 1729 1887 1569 1740 1445 1287 1369 1999 1753 1857 1696 1388 1867 1579 1908 1106 1090 1621 1387 1378 1610 1529 1183 1517 1765 1892 1815 1728 1720 1632 1547 1264 1732 1297 1246 1951 1341 1836 1006 1461 1726 1232 1632 1222 1266 1980 1593 1451 1128 1443 1423 1231 1872 1288 1420 1650 1101 1687 1841 1084 1765 1921 BCNSPRNW ULIB Ver.6.0+V

เปลี่ยนเป็นภาษาไทย

Change to English
 แสดงรายละเอียดบรรณานุกรม
  กลับหน้าหลัก

Brief Record : Get Marc (ISO 2709) : E-mail record : QR code < ปิดหน้าต่าง
LEADER : 00000nam 2200000uu 4500
001    13399109592
003     ULIB
008    110405s2547||||th 000 0 tha d
020    974925774x
060 04 WB395^bศ315ร 2547
245 00 ธรรมชาติบำบัด :^bศิลปะการเยียวยาร่างกายและจิตใจเพื่อสมดุลของชีวิต /^cศรีสุดา ชมพันธ์, อธิษฐาน์ คงทรัพย์, เพียงพร ลาภคล้อยมา เรียบเรียง
250    พิมพ์ครั้งที่ 1
260    กรุงเทพฯ :^bสวนเงินมีมา,^c2547
300    154 หน้า :^bภาพประกอบ ;^c21 ซม.
440  0 ชุดวิถีชีวิตใหม่
650  7 การดูแลสุขภาพด้วยตนเอง
650  7 การรักษาด้วยธรรมชาติ
650  7 การล้างพิษ
650  7 ธรรมชาติบำบัด
650  7 อาหาร
650  7 อาหารเพื่อสุขภาพ
700 0  ศรีสุดา ชมพันธ์,^eผู้เรียบเรียง
700 0  อธิษฐาน์ คงทรัพย์,^eผู้เรียบเรียง
700 0  เพียงพร ลาภคล้อยมา,^eผู้เรียบเรียง
945    ^p160^l0^i017048
995    ทศพร
999 ^a ใช้งานได้ทุกระบบ
รายการนี้ยังไม่มีแท็ก
คุณยังไม่ได้ล็อกอิน คุณสามารถมีกิจกรรมร่วมกับเว็บไซต์ได้ แต่ต้องล็อกอินก่อน ::
  ล็อกอิน

รายการสื่อสารสนเทศ

ลำดับที่ ประเภท เลขเรียก/บาร์โค้ด สถานที่ สถานะ
- ไม่พบข้อมูล -

รายการใกล้เคียง
    หัวเรื่อง [การดูแลสุขภาพด้วยตนเอง]
    หัวเรื่อง [การรักษาด้วยธรรมชาติ]
    หัวเรื่อง [การล้างพิษ]
    หัวเรื่อง [ธรรมชาติบำบัด]
    หัวเรื่อง [อาหาร]
    หัวเรื่อง [อาหารเพื่อสุขภาพ]

BibComment


ยังไม่เคยถูกคอมเมนท์

คอมเมนท์ทรัพยากรรายการนี้
  คอมเมนท์: ธรรมชาติบำบัด ศิ..


 Copyright 2026. Bcnsprnw @Library